01177 2200241 4500001002100000005001500021035002000036007000300056008004100059082001100100084002000111100001900131245009800150300003700248650001700285700002400302520046800326264005100794336002100845337003000866338002300896990001600919INLIS00000000116356920240116093705 a0010-0124000047ta240116 b 0 ind  a303.34 aSR 303.34 INS e0 aInsani Suciati1 aEstafet kepemimpinan :bboyong kenthong desa penggarit /cInsani Suciati, Th. Esti Wuryansari a25 halaman :bilustrasi ;c21 cm 4aKepemimpinan0 aTh. Esti Wuryansari aKenthongan merupakan media atau sarana komunikasi masyarakat dalam memberikan pertanda bila terjadi kebakaran, pencurian, bencana alam, kematian serta dijadikan sebagai sarana komunikasi untuk mengumpulkan warga. Salah satu tradisi unik terkait kenthongan adalah tradisi Boyong Kenthong yang ada di Desa Penggarit. Tradisi ini dilakukan setiap kali pergantian kepala desa. Tradisi ini merupakan simbol perpindahan kepemimpinan dari pemimpin lama ke pemimpin baru. aYogyakarta :bBalai Pelestarian Kebudayaan DIY 2rdacontentateks 2rdamediaatanpa perantara 2rdacarrieravolume a52461.65281